Bal Gangadhar Tilak / (Record no. 57488)

MARC details
000 -LEADER
fixed length control field 00802nam a22002177a 4500
005 - DATE AND TIME OF LATEST TRANSACTION
control field 20180405130518.0
010 ## - LCCN (DPL NO)
LC control number ENG-103934 B-690720-721
020 ## - INTERNATIONAL STANDARD BOOK NUMBER
International Standard Book Number 9788178441139
Terms of availability 695.00
035 ## - SYSTEM CONTROL NUMBER
System control number EN-87467
037 ## - SOURCE OF ACQUISITION
Source of stock number/acquisition DBAD/PUB
082 ## - DEWEY DECIMAL CLASSIFICATION NUMBER
Classification number 920
100 ## - MAIN ENTRY--PERSONAL NAME
Personal name Ravi Ranjan
245 00 - TITLE STATEMENT
Title Bal Gangadhar Tilak /
Statement of responsibility, etc by Ravi Ranjan [and] M.K. Singh
260 ## - PUBLICATION, DISTRIBUTION, ETC. (IMPRINT)
Place of publication, distribution, etc New Delhi
Name of publisher, distributor, etc K.K. Publications
Date of publication, distribution, etc 2011
270 ## - ADDRESS
Address 4806/24, Bharat Ram Road, Darya Ganj
City New Delhi
Postal code 110002
300 ## - PHYSICAL DESCRIPTION
Extent 311p.
Dimensions 23cm (Hb)
500 ## - GENERAL NOTE
General note Includes bibliographical references and index.
700 1# - ADDED ENTRY--PERSONAL NAME
9 (RLIN) 35434
Personal name Singh, M.K.
942 ## - ADDED ENTRY ELEMENTS (KOHA)
Source of classification or shelving scheme Dewey Decimal Classification
Item type English Books
Classification part 920
Call number suffix TIL
Holdings
Withdrawn status Lost status Not for loan Collection code Home library Current library Date acquired Source of acquisition Cost, normal purchase price Full call number Barcode Copy number Cost, replacement price Koha item type
      Non-fiction Central Library Central Library 05/04/2018 KKP/BL-62/26.02.2018/788/19.02.2018/09.03.2018 695.00 920 TIL B-690720 1 695.00 English Books
    Not For Loan Non-fiction D.B.Act.Division D.B.Act.Division 10/10/2011 DBAD/PUB 695.00 920 TIL EN-87467 1 695.00 English Books
      Non-fiction Sarojini Nagar Sarojini Nagar 05/04/2018 KKP/BL-62/26.02.2018/788/19.02.2018/09.03.2018 695.00 920 TIL B-690721 1 695.00 English Books

© Delhi Public Library
Hit Counter
free hit counter